000 00873nam a2200277Ia 4500
001 Para_296
003 CHAP
008 220125s1993 xx 000 0 und d
010 _a199051
040 _cCHAP
090 _aPA FOLLETO 3217
100 _aGarcía Sandoval, José Angel
_946604
245 _aProducción de chile jalapeño en los suelos mecanizables de Quintana Roo /
_c por José Angel Garcia Sandoval
260 _aChetumal, Quintana Roo :
_b INIFAP. Campo Experimental Chetumal
300 _a17 p.
410 _aFolleto técnico
650 _aChile jalapeño
_x rendimiento
_922436
710 _aI. INIFAP. México. Campo Experimental Chetumal
_9164370
901 _aPA FOLLETO 3217
902 _aA
905 _a0000001993 0000000000 00
910 _a1993
942 _cPARA
942 _cPARA
_d1
999 _c199051
_d199051